Films de Wes Anderson par images - Statistiques

Statistiques générales
  • Ce quiz a été pris 951 fois
  • Le résultat moyen est 6 sur 11
Statistiques - réponses
Par images Réponse % Correct
The Grand Budapest Hotel
94%
Fantastic Mr. Fox
84%
L'Île aux chiens
68%
Asteroid City
62%
Moonrise Kingdom
53%
The French Dispatch
51%
La Famille Tenenbaum
42%
À bord du Darjeeling Limited
41%
La Vie aquatique
38%
Rushmore
28%
Bottle Rocket
18%
Aucun quiz correspondant
Distribution des résultats
% des personnes avec chaque résultat
Percentile par nombre de réponses
Votre historique - résultats
Vous n’avez pas pris ce quiz